000
00461nam a2200181Ia 4500
008
090124s9999 xx 000 0 und d
082
_b
18968
_a
6260
100
_a
गांगल वसंत
245
_a
वैशाली
250
_a
1
260
_c
1973
300
_a
160
600
_a
गांगल वसंत
630
_a
वैशाली
700
_a
गांगल वसंत
730
_a
वैशाली
942
_c
BOOK
999
_c
132909
_d
132909